Исследование электрохимических свойств гуанина и тимина на поверхности стеклоуглеродного электрода методом вольтамперометрии; Известия вузов. Химия и химическая технология; Т. 57, № 11
| Parent link: | Известия вузов. Химия и химическая технология/ Ивановский государственный химико-технологический университет (ИГХТУ).— , 1958- Т. 57, № 11.— 2014.— [С. 21-24] |
|---|---|
| Autor Corporativo: | |
| Otros Autores: | , , , |
| Sumario: | Заглавие с экрана В данной работе для исследования электрохимических свойств азотистых оснований гуанина (Г) и тимина (Т) использовался метод вольтамперометрии с постоянно-токовой разверткой потенциала с дифференцированием. Изученоэлектрохимическое поведение Г и Т на поверхности стеклоуглеродного электрода,подобраны условия регистрации для их совместного определения в растворе.Область прямолинейной зависимости сохраняется в диапазоне концентраций Г от 2,0∙10-7 до 3,0∙10-6 моль/дм3 (R2=0.9966) и от 6,0∙10-6 до 1,1∙10-4 моль/дм3 (R2=0,9987), для Т от 1,0∙10-5 до 1,1∙10-3 моль/дм3 (R2=0,999). |
| Lenguaje: | ruso |
| Publicado: |
2014
|
| Materias: | |
| Acceso en línea: | http://earchive.tpu.ru/handle/11683/35988 http://elibrary.ru/item.asp?id=23206839 |
| Formato: | Electrónico Capítulo de libro |
| KOHA link: | https://koha.lib.tpu.ru/cgi-bin/koha/opac-detail.pl?biblionumber=639449 |
MARC
| LEADER | 00000naa0a2200000 4500 | ||
|---|---|---|---|
| 001 | 639449 | ||
| 005 | 20250217111328.0 | ||
| 035 | |a (RuTPU)RU\TPU\network\3935 | ||
| 035 | |a RU\TPU\network\3468 | ||
| 090 | |a 639449 | ||
| 100 | |a 20150312d2014 k||y0rusy50 ca | ||
| 101 | 0 | |a rus | |
| 102 | |a RU | ||
| 135 | |a drcn ---uucaa | ||
| 181 | 0 | |a i | |
| 182 | 0 | |a b | |
| 200 | 1 | |a Исследование электрохимических свойств гуанина и тимина на поверхности стеклоуглеродного электрода методом вольтамперометрии |f Д. А. Вишенкова [и др.] | |
| 203 | |a Текст |c электронный | ||
| 300 | |a Заглавие с экрана | ||
| 320 | |a [Библиогр.: с. 24 (9 назв.)] | ||
| 330 | |a В данной работе для исследования электрохимических свойств азотистых оснований гуанина (Г) и тимина (Т) использовался метод вольтамперометрии с постоянно-токовой разверткой потенциала с дифференцированием. Изученоэлектрохимическое поведение Г и Т на поверхности стеклоуглеродного электрода,подобраны условия регистрации для их совместного определения в растворе.Область прямолинейной зависимости сохраняется в диапазоне концентраций Г от 2,0∙10-7 до 3,0∙10-6 моль/дм3 (R2=0.9966) и от 6,0∙10-6 до 1,1∙10-4 моль/дм3 (R2=0,9987), для Т от 1,0∙10-5 до 1,1∙10-3 моль/дм3 (R2=0,999). | ||
| 461 | |t Известия вузов. Химия и химическая технология |f Ивановский государственный химико-технологический университет (ИГХТУ) |d 1958- | ||
| 463 | |t Т. 57, № 11 |v [С. 21-24] |d 2014 | ||
| 610 | 1 | |a электронный ресурс | |
| 610 | 1 | |a труды учёных ТПУ | |
| 610 | 1 | |a электрохимические свойства | |
| 610 | 1 | |a стеклоуглеродные электроды | |
| 610 | 1 | |a вольтамперометрия | |
| 610 | 1 | |a азотистые основания | |
| 610 | 1 | |a гуанин | |
| 610 | 1 | |a тимин | |
| 701 | 1 | |a Вишенкова |b Д. А. |c химик |c инженер Томского политехнического университета |f 1989- |g Дарья Александровна |3 (RuTPU)RU\TPU\pers\33607 |9 17265 | |
| 701 | 1 | |a Воронова |b О. А. |c химик |c ассистент Томского политехнического университета, кандидат химических наук |f 1979- |g Олеся Александровна |3 (RuTPU)RU\TPU\pers\29232 |9 13834 | |
| 701 | 1 | |a Дорожко |b Е. В. |c химик |c инженер Томского политехнического университета |f 1979- |g Елена Владимировна |3 (RuTPU)RU\TPU\pers\27108 |9 12658 | |
| 701 | 1 | |a Короткова |b Е. И. |c химик |c профессор Томского политехнического университета, доктор химических наук |f 1965- |g Елена Ивановна |3 (RuTPU)RU\TPU\pers\27109 |9 12659 | |
| 712 | 0 | 2 | |a Национальный исследовательский Томский политехнический университет (ТПУ) |b Институт природных ресурсов (ИПР) |b Кафедра физической и аналитической химии (ФАХ) |3 (RuTPU)RU\TPU\col\18656 |
| 801 | 2 | |a RU |b 63413507 |c 20170112 |g RCR | |
| 856 | 4 | |u http://earchive.tpu.ru/handle/11683/35988 | |
| 856 | 4 | |u http://elibrary.ru/item.asp?id=23206839 | |
| 942 | |c CF | ||